<?xml version="1.0" encoding="UTF-8"?>
<record
    xmlns:xsi="http://www.w3.org/2001/XMLSchema-instance"
    xsi:schemaLocation="http://www.loc.gov/MARC21/slim http://www.loc.gov/standards/marcxml/schema/MARC21slim.xsd"
    xmlns="http://www.loc.gov/MARC21/slim">

  <leader>00880nas a2200241 454500</leader>
  <controlfield tag="001">17574</controlfield>
  <controlfield tag="005">20260407193505.0</controlfield>
  <controlfield tag="008">260407s1991####ag###########|||spa#d</controlfield>
  <controlfield tag="003">AR-UNSa-BCEJYS</controlfield>
  <datafield tag="040" ind1=" " ind2=" ">
    <subfield code="a">AR-UNSa-BCEJYS</subfield>
    <subfield code="b">spa</subfield>
    <subfield code="c">AR-UNSa-BCEJYS</subfield>
  </datafield>
  <datafield tag="080" ind1=" " ind2=" ">
    <subfield code="a">311.3</subfield>
    <subfield code="x">Organizaci&#xF3;n general de las estadisticas. Estad&#xED;stica oficial</subfield>
  </datafield>
  <datafield tag="245" ind1="1" ind2="0">
    <subfield code="a">Serie an&#xE1;lisis demogr&#xE1;fico</subfield>
  </datafield>
  <datafield tag="264" ind1=" " ind2="1">
    <subfield code="a">Buenos Aires :</subfield>
    <subfield code="b">INDEC</subfield>
    <subfield code="c">1991</subfield>
  </datafield>
  <datafield tag="310" ind1=" " ind2=" ">
    <subfield code="a">Frecuencia: Irregular</subfield>
  </datafield>
  <datafield tag="942" ind1=" " ind2=" ">
    <subfield code="c">SER</subfield>
  </datafield>
  <datafield tag="590" ind1=" " ind2=" ">
    <subfield code="a">niveau_biblio:s niveau_hierar:1</subfield>
  </datafield>
  <datafield tag="100" ind1="1" ind2=" ">
    <subfield code="a">Instituto Nacional de Estad&#xED;stica y Censos (INDEC)</subfield>
  </datafield>
  <datafield tag="700" ind1="1" ind2=" ">
    <subfield code="a">Centro Latinoamericano de Demograf&#xED;a</subfield>
  </datafield>
  <datafield tag="650" ind1=" " ind2=" ">
    <subfield code="a">ESTADISTICA</subfield>
  </datafield>
  <datafield tag="650" ind1=" " ind2=" ">
    <subfield code="a">Mortalidad</subfield>
  </datafield>
  <datafield tag="650" ind1=" " ind2=" ">
    <subfield code="a">Demograf&#xED;a</subfield>
  </datafield>
  <datafield tag="856" ind1="4" ind2="1">
    <subfield code="u">https://biblioeco.unsa.edu.ar/pmb/images/libros/Estimaciones y proyecciones de poblaci?n total del pa?s 2010-2040.jpg</subfield>
    <subfield code="y">Imagen de portada</subfield>
    <subfield code="q">image/jpeg</subfield>
  </datafield>
  <datafield tag="999" ind1=" " ind2=" ">
    <subfield code="c">8498</subfield>
    <subfield code="d">8498</subfield>
  </datafield>
  <datafield tag="952" ind1=" " ind2=" ">
    <subfield code="0">0</subfield>
    <subfield code="1">0</subfield>
    <subfield code="4">0</subfield>
    <subfield code="7">0</subfield>
    <subfield code="a">BCEJYS</subfield>
    <subfield code="b">BCEJYS</subfield>
    <subfield code="c">17</subfield>
    <subfield code="d">2014-06-01</subfield>
    <subfield code="h">N&#xBA; 36 - 01/06/2014</subfield>
    <subfield code="l">0</subfield>
    <subfield code="o">H311.3 SER 36</subfield>
    <subfield code="p">R11462</subfield>
    <subfield code="r">2026-04-10 16:07:47</subfield>
    <subfield code="w">2026-04-10</subfield>
    <subfield code="y">RN</subfield>
  </datafield>
  <datafield tag="952" ind1=" " ind2=" ">
    <subfield code="0">0</subfield>
    <subfield code="1">0</subfield>
    <subfield code="4">0</subfield>
    <subfield code="7">0</subfield>
    <subfield code="a">BCEJYS</subfield>
    <subfield code="b">BCEJYS</subfield>
    <subfield code="c">17</subfield>
    <subfield code="d">2014-06-01</subfield>
    <subfield code="h">N&#xBA; 36 - 01/06/2014</subfield>
    <subfield code="l">0</subfield>
    <subfield code="o">H311.3 SER 36 Ej.2</subfield>
    <subfield code="p">R19828</subfield>
    <subfield code="r">2026-04-10 16:07:47</subfield>
    <subfield code="w">2026-04-10</subfield>
    <subfield code="y">RN</subfield>
  </datafield>
  <datafield tag="952" ind1=" " ind2=" ">
    <subfield code="0">0</subfield>
    <subfield code="1">0</subfield>
    <subfield code="4">0</subfield>
    <subfield code="7">0</subfield>
    <subfield code="a">BCEJYS</subfield>
    <subfield code="b">BCEJYS</subfield>
    <subfield code="c">17</subfield>
    <subfield code="d">2014-06-01</subfield>
    <subfield code="h">N&#xBA; 35 - jun. 2014</subfield>
    <subfield code="l">0</subfield>
    <subfield code="o">H311.3 SER 35</subfield>
    <subfield code="p">R11461</subfield>
    <subfield code="r">2026-04-10 16:07:47</subfield>
    <subfield code="w">2026-04-10</subfield>
    <subfield code="y">RN</subfield>
  </datafield>
  <datafield tag="952" ind1=" " ind2=" ">
    <subfield code="0">0</subfield>
    <subfield code="1">0</subfield>
    <subfield code="4">0</subfield>
    <subfield code="7">0</subfield>
    <subfield code="a">BCEJYS</subfield>
    <subfield code="b">BCEJYS</subfield>
    <subfield code="c">17</subfield>
    <subfield code="d">2014-06-01</subfield>
    <subfield code="h">N&#xBA; 35 - jun. 2014</subfield>
    <subfield code="l">0</subfield>
    <subfield code="o">H311.3 SER 35 Ej.2</subfield>
    <subfield code="p">R19827</subfield>
    <subfield code="r">2026-04-10 16:07:47</subfield>
    <subfield code="w">2026-04-10</subfield>
    <subfield code="y">RN</subfield>
  </datafield>
  <datafield tag="952" ind1=" " ind2=" ">
    <subfield code="0">0</subfield>
    <subfield code="1">0</subfield>
    <subfield code="4">0</subfield>
    <subfield code="7">0</subfield>
    <subfield code="a">BCEJYS</subfield>
    <subfield code="b">BCEJYS</subfield>
    <subfield code="c">17</subfield>
    <subfield code="d">2003-01-01</subfield>
    <subfield code="h">N&#xBA; 29 - ene. 2003</subfield>
    <subfield code="l">0</subfield>
    <subfield code="o">H311.3 SER 29</subfield>
    <subfield code="p">R00699</subfield>
    <subfield code="r">2026-04-10 16:07:47</subfield>
    <subfield code="w">2026-04-10</subfield>
    <subfield code="y">RN</subfield>
  </datafield>
  <datafield tag="952" ind1=" " ind2=" ">
    <subfield code="0">0</subfield>
    <subfield code="1">0</subfield>
    <subfield code="4">0</subfield>
    <subfield code="7">0</subfield>
    <subfield code="a">BCEJYS</subfield>
    <subfield code="b">BCEJYS</subfield>
    <subfield code="c">17</subfield>
    <subfield code="d">2000-01-01</subfield>
    <subfield code="h">N&#xBA; 28 - ene. 2000</subfield>
    <subfield code="l">0</subfield>
    <subfield code="o">H311.3 SER 28</subfield>
    <subfield code="p">R01529</subfield>
    <subfield code="r">2026-04-10 16:07:47</subfield>
    <subfield code="w">2026-04-10</subfield>
    <subfield code="y">RN</subfield>
  </datafield>
  <datafield tag="952" ind1=" " ind2=" ">
    <subfield code="0">0</subfield>
    <subfield code="1">0</subfield>
    <subfield code="4">0</subfield>
    <subfield code="7">0</subfield>
    <subfield code="a">BCEJYS</subfield>
    <subfield code="b">BCEJYS</subfield>
    <subfield code="c">17</subfield>
    <subfield code="d">2000-01-01</subfield>
    <subfield code="h">N&#xBA; 27 - ene. 2000</subfield>
    <subfield code="l">0</subfield>
    <subfield code="o">H311.3 SER 27</subfield>
    <subfield code="p">R01528</subfield>
    <subfield code="r">2026-04-10 16:07:47</subfield>
    <subfield code="w">2026-04-10</subfield>
    <subfield code="y">RN</subfield>
  </datafield>
  <datafield tag="952" ind1=" " ind2=" ">
    <subfield code="0">0</subfield>
    <subfield code="1">0</subfield>
    <subfield code="4">0</subfield>
    <subfield code="7">0</subfield>
    <subfield code="a">BCEJYS</subfield>
    <subfield code="b">BCEJYS</subfield>
    <subfield code="c">17</subfield>
    <subfield code="d">2000-01-01</subfield>
    <subfield code="h">N&#xBA; 26 - ene. 2000</subfield>
    <subfield code="l">0</subfield>
    <subfield code="o">H311.3 SER 26</subfield>
    <subfield code="p">R08448</subfield>
    <subfield code="r">2026-04-10 16:07:48</subfield>
    <subfield code="w">2026-04-10</subfield>
    <subfield code="y">RN</subfield>
  </datafield>
  <datafield tag="952" ind1=" " ind2=" ">
    <subfield code="0">0</subfield>
    <subfield code="1">0</subfield>
    <subfield code="4">0</subfield>
    <subfield code="7">0</subfield>
    <subfield code="a">BCEJYS</subfield>
    <subfield code="b">BCEJYS</subfield>
    <subfield code="c">17</subfield>
    <subfield code="d">2000-01-01</subfield>
    <subfield code="h">N&#xBA; 25 - ene. 2000</subfield>
    <subfield code="l">0</subfield>
    <subfield code="o">H311.3 SER 25</subfield>
    <subfield code="p">R01527</subfield>
    <subfield code="r">2026-04-10 16:07:48</subfield>
    <subfield code="w">2026-04-10</subfield>
    <subfield code="y">RN</subfield>
  </datafield>
  <datafield tag="952" ind1=" " ind2=" ">
    <subfield code="0">0</subfield>
    <subfield code="1">0</subfield>
    <subfield code="4">0</subfield>
    <subfield code="7">0</subfield>
    <subfield code="a">BCEJYS</subfield>
    <subfield code="b">BCEJYS</subfield>
    <subfield code="c">17</subfield>
    <subfield code="d">1999-01-01</subfield>
    <subfield code="h">N&#xBA; 24 - ene. 1999</subfield>
    <subfield code="l">0</subfield>
    <subfield code="o">H311.3 SER 24</subfield>
    <subfield code="p">R01526</subfield>
    <subfield code="r">2026-04-10 16:07:48</subfield>
    <subfield code="w">2026-04-10</subfield>
    <subfield code="y">RN</subfield>
  </datafield>
  <datafield tag="952" ind1=" " ind2=" ">
    <subfield code="0">0</subfield>
    <subfield code="1">0</subfield>
    <subfield code="4">0</subfield>
    <subfield code="7">0</subfield>
    <subfield code="a">BCEJYS</subfield>
    <subfield code="b">BCEJYS</subfield>
    <subfield code="c">17</subfield>
    <subfield code="d">1999-01-01</subfield>
    <subfield code="h">N&#xBA; 23 - ene. 1999</subfield>
    <subfield code="l">0</subfield>
    <subfield code="o">H311.3 SER 23</subfield>
    <subfield code="p">R01524</subfield>
    <subfield code="r">2026-04-10 16:07:48</subfield>
    <subfield code="w">2026-04-10</subfield>
    <subfield code="y">RN</subfield>
  </datafield>
  <datafield tag="952" ind1=" " ind2=" ">
    <subfield code="0">0</subfield>
    <subfield code="1">0</subfield>
    <subfield code="4">0</subfield>
    <subfield code="7">0</subfield>
    <subfield code="a">BCEJYS</subfield>
    <subfield code="b">BCEJYS</subfield>
    <subfield code="c">17</subfield>
    <subfield code="d">1999-01-01</subfield>
    <subfield code="h">N&#xBA; 22 - ene. 1999</subfield>
    <subfield code="l">0</subfield>
    <subfield code="o">H311.3 SER 22</subfield>
    <subfield code="p">R01523</subfield>
    <subfield code="r">2026-04-10 16:07:48</subfield>
    <subfield code="w">2026-04-10</subfield>
    <subfield code="y">RN</subfield>
  </datafield>
  <datafield tag="952" ind1=" " ind2=" ">
    <subfield code="0">0</subfield>
    <subfield code="1">0</subfield>
    <subfield code="4">0</subfield>
    <subfield code="7">0</subfield>
    <subfield code="a">BCEJYS</subfield>
    <subfield code="b">BCEJYS</subfield>
    <subfield code="c">17</subfield>
    <subfield code="d">1999-01-01</subfield>
    <subfield code="h">N&#xBA; 21 - ene. 1999</subfield>
    <subfield code="l">0</subfield>
    <subfield code="o">H311.3 SER 21</subfield>
    <subfield code="p">R01522</subfield>
    <subfield code="r">2026-04-10 16:07:48</subfield>
    <subfield code="w">2026-04-10</subfield>
    <subfield code="y">RN</subfield>
  </datafield>
  <datafield tag="952" ind1=" " ind2=" ">
    <subfield code="0">0</subfield>
    <subfield code="1">0</subfield>
    <subfield code="4">0</subfield>
    <subfield code="7">0</subfield>
    <subfield code="a">BCEJYS</subfield>
    <subfield code="b">BCEJYS</subfield>
    <subfield code="c">17</subfield>
    <subfield code="d">1999-01-01</subfield>
    <subfield code="h">N&#xBA; 20 - ene. 1999</subfield>
    <subfield code="l">0</subfield>
    <subfield code="o">H311.3 SER 20</subfield>
    <subfield code="p">R08442</subfield>
    <subfield code="r">2026-04-10 16:07:48</subfield>
    <subfield code="w">2026-04-10</subfield>
    <subfield code="y">RN</subfield>
  </datafield>
  <datafield tag="952" ind1=" " ind2=" ">
    <subfield code="0">0</subfield>
    <subfield code="1">0</subfield>
    <subfield code="4">0</subfield>
    <subfield code="7">0</subfield>
    <subfield code="a">BCEJYS</subfield>
    <subfield code="b">BCEJYS</subfield>
    <subfield code="c">17</subfield>
    <subfield code="d">1999-01-01</subfield>
    <subfield code="h">N&#xBA; 19 - ene. 1999</subfield>
    <subfield code="l">0</subfield>
    <subfield code="o">H311.3 SER 19</subfield>
    <subfield code="p">R08441</subfield>
    <subfield code="r">2026-04-10 16:07:48</subfield>
    <subfield code="w">2026-04-10</subfield>
    <subfield code="y">RN</subfield>
  </datafield>
  <datafield tag="952" ind1=" " ind2=" ">
    <subfield code="0">0</subfield>
    <subfield code="1">0</subfield>
    <subfield code="4">0</subfield>
    <subfield code="7">0</subfield>
    <subfield code="a">BCEJYS</subfield>
    <subfield code="b">BCEJYS</subfield>
    <subfield code="c">17</subfield>
    <subfield code="d">1998-01-01</subfield>
    <subfield code="h">N&#xBA; 18 - ene. 1998</subfield>
    <subfield code="l">0</subfield>
    <subfield code="o">H311.3 SER 18</subfield>
    <subfield code="p">R08440</subfield>
    <subfield code="r">2026-04-10 16:07:48</subfield>
    <subfield code="w">2026-04-10</subfield>
    <subfield code="y">RN</subfield>
  </datafield>
  <datafield tag="952" ind1=" " ind2=" ">
    <subfield code="0">0</subfield>
    <subfield code="1">0</subfield>
    <subfield code="4">0</subfield>
    <subfield code="7">0</subfield>
    <subfield code="a">BCEJYS</subfield>
    <subfield code="b">BCEJYS</subfield>
    <subfield code="c">17</subfield>
    <subfield code="d">1998-01-01</subfield>
    <subfield code="h">N&#xBA; 17 - ene. 1998</subfield>
    <subfield code="l">0</subfield>
    <subfield code="o">H311.3 SER 17</subfield>
    <subfield code="p">R08439</subfield>
    <subfield code="r">2026-04-10 16:07:48</subfield>
    <subfield code="w">2026-04-10</subfield>
    <subfield code="y">RN</subfield>
  </datafield>
  <datafield tag="952" ind1=" " ind2=" ">
    <subfield code="0">0</subfield>
    <subfield code="1">0</subfield>
    <subfield code="4">0</subfield>
    <subfield code="7">0</subfield>
    <subfield code="a">BCEJYS</subfield>
    <subfield code="b">BCEJYS</subfield>
    <subfield code="c">17</subfield>
    <subfield code="d">1998-01-01</subfield>
    <subfield code="h">N&#xBA; 16 - ene. 1998</subfield>
    <subfield code="l">0</subfield>
    <subfield code="o">H311.3 SER 16</subfield>
    <subfield code="p">R01521</subfield>
    <subfield code="r">2026-04-10 16:07:48</subfield>
    <subfield code="w">2026-04-10</subfield>
    <subfield code="y">RN</subfield>
  </datafield>
  <datafield tag="952" ind1=" " ind2=" ">
    <subfield code="0">0</subfield>
    <subfield code="1">0</subfield>
    <subfield code="4">0</subfield>
    <subfield code="7">0</subfield>
    <subfield code="a">BCEJYS</subfield>
    <subfield code="b">BCEJYS</subfield>
    <subfield code="c">17</subfield>
    <subfield code="d">1998-01-01</subfield>
    <subfield code="h">N&#xBA; 15 - ene. 1998</subfield>
    <subfield code="l">0</subfield>
    <subfield code="o">H311.3 SER 15</subfield>
    <subfield code="p">R08437</subfield>
    <subfield code="r">2026-04-10 16:07:48</subfield>
    <subfield code="w">2026-04-10</subfield>
    <subfield code="y">RN</subfield>
  </datafield>
  <datafield tag="952" ind1=" " ind2=" ">
    <subfield code="0">0</subfield>
    <subfield code="1">0</subfield>
    <subfield code="4">0</subfield>
    <subfield code="7">0</subfield>
    <subfield code="a">BCEJYS</subfield>
    <subfield code="b">BCEJYS</subfield>
    <subfield code="c">17</subfield>
    <subfield code="d">1998-01-01</subfield>
    <subfield code="h">N&#xBA; 14 - ene. 1998</subfield>
    <subfield code="l">0</subfield>
    <subfield code="o">H311.3 SER 14</subfield>
    <subfield code="p">R08436</subfield>
    <subfield code="r">2026-04-10 16:07:48</subfield>
    <subfield code="w">2026-04-10</subfield>
    <subfield code="y">RN</subfield>
  </datafield>
  <datafield tag="952" ind1=" " ind2=" ">
    <subfield code="0">0</subfield>
    <subfield code="1">0</subfield>
    <subfield code="4">0</subfield>
    <subfield code="7">0</subfield>
    <subfield code="a">BCEJYS</subfield>
    <subfield code="b">BCEJYS</subfield>
    <subfield code="c">17</subfield>
    <subfield code="d">1998-01-01</subfield>
    <subfield code="h">N&#xBA; 13 - ene. 1998</subfield>
    <subfield code="l">0</subfield>
    <subfield code="o">H311.3 SER 13</subfield>
    <subfield code="p">R08435</subfield>
    <subfield code="r">2026-04-10 16:07:48</subfield>
    <subfield code="w">2026-04-10</subfield>
    <subfield code="y">RN</subfield>
  </datafield>
  <datafield tag="952" ind1=" " ind2=" ">
    <subfield code="0">0</subfield>
    <subfield code="1">0</subfield>
    <subfield code="4">0</subfield>
    <subfield code="7">0</subfield>
    <subfield code="a">BCEJYS</subfield>
    <subfield code="b">BCEJYS</subfield>
    <subfield code="c">17</subfield>
    <subfield code="d">1998-01-01</subfield>
    <subfield code="h">N&#xBA; 12 - ene. 1998</subfield>
    <subfield code="l">0</subfield>
    <subfield code="o">H311.3 SER 12</subfield>
    <subfield code="p">R08434</subfield>
    <subfield code="r">2026-04-10 16:07:48</subfield>
    <subfield code="w">2026-04-10</subfield>
    <subfield code="y">RN</subfield>
  </datafield>
  <datafield tag="952" ind1=" " ind2=" ">
    <subfield code="0">0</subfield>
    <subfield code="1">0</subfield>
    <subfield code="4">0</subfield>
    <subfield code="7">0</subfield>
    <subfield code="a">BCEJYS</subfield>
    <subfield code="b">BCEJYS</subfield>
    <subfield code="c">17</subfield>
    <subfield code="d">1997-01-01</subfield>
    <subfield code="h">N&#xBA; 11 - ene. 1997</subfield>
    <subfield code="l">0</subfield>
    <subfield code="o">H311.3 SER 11</subfield>
    <subfield code="p">R08433</subfield>
    <subfield code="r">2026-04-10 16:07:48</subfield>
    <subfield code="w">2026-04-10</subfield>
    <subfield code="y">RN</subfield>
  </datafield>
  <datafield tag="952" ind1=" " ind2=" ">
    <subfield code="0">0</subfield>
    <subfield code="1">0</subfield>
    <subfield code="4">0</subfield>
    <subfield code="7">0</subfield>
    <subfield code="a">BCEJYS</subfield>
    <subfield code="b">BCEJYS</subfield>
    <subfield code="c">17</subfield>
    <subfield code="d">1997-01-01</subfield>
    <subfield code="h">N&#xBA; 10 - ene. 1997</subfield>
    <subfield code="l">0</subfield>
    <subfield code="o">H311.3 SER 10</subfield>
    <subfield code="p">R08432</subfield>
    <subfield code="r">2026-04-10 16:07:48</subfield>
    <subfield code="w">2026-04-10</subfield>
    <subfield code="y">RN</subfield>
  </datafield>
  <datafield tag="952" ind1=" " ind2=" ">
    <subfield code="0">0</subfield>
    <subfield code="1">0</subfield>
    <subfield code="4">0</subfield>
    <subfield code="7">0</subfield>
    <subfield code="a">BCEJYS</subfield>
    <subfield code="b">BCEJYS</subfield>
    <subfield code="c">17</subfield>
    <subfield code="d">1997-01-01</subfield>
    <subfield code="h">N&#xBA; 9 - ene. 1997</subfield>
    <subfield code="l">0</subfield>
    <subfield code="o">H311.3 SER 9</subfield>
    <subfield code="p">R08431</subfield>
    <subfield code="r">2026-04-10 16:07:48</subfield>
    <subfield code="w">2026-04-10</subfield>
    <subfield code="y">RN</subfield>
  </datafield>
  <datafield tag="952" ind1=" " ind2=" ">
    <subfield code="0">0</subfield>
    <subfield code="1">0</subfield>
    <subfield code="4">0</subfield>
    <subfield code="7">0</subfield>
    <subfield code="a">BCEJYS</subfield>
    <subfield code="b">BCEJYS</subfield>
    <subfield code="c">17</subfield>
    <subfield code="d">1995-01-01</subfield>
    <subfield code="h">N&#xBA; 5 - ene. 1995</subfield>
    <subfield code="l">0</subfield>
    <subfield code="o">H311.3 SER 5</subfield>
    <subfield code="p">R08430</subfield>
    <subfield code="r">2026-04-10 16:07:48</subfield>
    <subfield code="w">2026-04-10</subfield>
    <subfield code="y">RN</subfield>
  </datafield>
  <datafield tag="952" ind1=" " ind2=" ">
    <subfield code="0">0</subfield>
    <subfield code="1">0</subfield>
    <subfield code="4">0</subfield>
    <subfield code="7">0</subfield>
    <subfield code="a">BCEJYS</subfield>
    <subfield code="b">BCEJYS</subfield>
    <subfield code="c">17</subfield>
    <subfield code="d">1995-01-01</subfield>
    <subfield code="h">N&#xBA; 4 - ene. 1995</subfield>
    <subfield code="l">0</subfield>
    <subfield code="o">H311.3 SER 4</subfield>
    <subfield code="p">R08429</subfield>
    <subfield code="r">2026-04-10 16:07:48</subfield>
    <subfield code="w">2026-04-10</subfield>
    <subfield code="y">RN</subfield>
  </datafield>
  <datafield tag="952" ind1=" " ind2=" ">
    <subfield code="0">0</subfield>
    <subfield code="1">0</subfield>
    <subfield code="4">0</subfield>
    <subfield code="7">0</subfield>
    <subfield code="a">BCEJYS</subfield>
    <subfield code="b">BCEJYS</subfield>
    <subfield code="c">17</subfield>
    <subfield code="d">1995-01-01</subfield>
    <subfield code="h">N&#xBA; 3 - ene. 1995</subfield>
    <subfield code="l">0</subfield>
    <subfield code="o">H311.3 SER 3</subfield>
    <subfield code="p">R08428</subfield>
    <subfield code="r">2026-04-10 16:07:48</subfield>
    <subfield code="w">2026-04-10</subfield>
    <subfield code="y">RN</subfield>
  </datafield>
  <datafield tag="952" ind1=" " ind2=" ">
    <subfield code="0">0</subfield>
    <subfield code="1">0</subfield>
    <subfield code="4">0</subfield>
    <subfield code="7">0</subfield>
    <subfield code="a">BCEJYS</subfield>
    <subfield code="b">BCEJYS</subfield>
    <subfield code="c">17</subfield>
    <subfield code="d">1995-01-01</subfield>
    <subfield code="h">N&#xBA; 2 - ene. 1995</subfield>
    <subfield code="l">0</subfield>
    <subfield code="o">H311.3 SER 2</subfield>
    <subfield code="p">R08427</subfield>
    <subfield code="r">2026-04-10 16:07:48</subfield>
    <subfield code="w">2026-04-10</subfield>
    <subfield code="y">RN</subfield>
  </datafield>
  <datafield tag="952" ind1=" " ind2=" ">
    <subfield code="0">0</subfield>
    <subfield code="1">0</subfield>
    <subfield code="4">0</subfield>
    <subfield code="7">0</subfield>
    <subfield code="a">BCEJYS</subfield>
    <subfield code="b">BCEJYS</subfield>
    <subfield code="c">17</subfield>
    <subfield code="d">1995-01-01</subfield>
    <subfield code="h">N&#xBA; 1 - ene. 1995</subfield>
    <subfield code="l">0</subfield>
    <subfield code="o">H311.3 SER 1</subfield>
    <subfield code="p">R08426</subfield>
    <subfield code="r">2026-04-10 16:07:48</subfield>
    <subfield code="w">2026-04-10</subfield>
    <subfield code="y">RN</subfield>
  </datafield>
</record>
